Turbulence (Record no. 5373)

000 -LEADER
fixed length control field 00511nam a2200205 i 4500
001 - CONTROL NUMBER
control field 5373
003 - CONTROL NUMBER IDENTIFIER
control field BD-DhUET
008 - FIXED-LENGTH DATA ELEMENTS--GENERAL INFORMATION
fixed length control field 750220s1975 nyua b 001 0 eng
020 ## - INTERNATIONAL STANDARD BOOK NUMBER
International Standard Book Number 0070290377
040 ## - CATALOGING SOURCE
Original cataloging agency DLC
Transcribing agency DLC
Modifying agency BD-DhUET
082 00 - DEWEY DECIMAL CLASSIFICATION NUMBER
Classification number 532.56
Item number HIN/1975
100 1# - MAIN ENTRY--PERSONAL NAME
Personal name Hinze, J. O.
245 00 - TITLE STATEMENT
Title Turbulence
250 ## - EDITION STATEMENT
Edition statement 2nd ed.
260 ## - PUBLICATION, DISTRIBUTION, ETC. (IMPRINT)
Place of publication, distribution, etc. New York
Name of publisher, distributor, etc. McGraw-Hill
Date of publication, distribution, etc. 1975
300 ## - PHYSICAL DESCRIPTION
Extent x,790p.
Other physical details ill.
Dimensions 24 cm.
490 0# - SERIES STATEMENT
Series statement McGraw-Hill series in mechanical engineering
650 #0 - SUBJECT ADDED ENTRY--TOPICAL TERM
Topical term or geographic name as entry element Turbulence
942 ## - ADDED ENTRY ELEMENTS (KOHA)
Koha item type General Book
Holdings
Shelving location Piece designation (barcode) Sublocation or collection (holding branch) Koha date last borrowed Copy number Damaged status Date acquired Not for loan Source of classification or shelving scheme Koha normalized classification for sorting Price effective from Koha issues (times borrowed) Koha date last seen Lost status Koha item type Koha full call number Location (home branch) Withdrawn status
Circulation section63813Central Library, BUET 1 2014-11-26  532_560000000000000_HIN_19752014-11-26 2014-11-26 General Book532.56/HIN/1975Central Library, BUET 
Circulation section63816Central Library, BUET 2 2014-11-26  532_560000000000000_HIN_19752014-11-26 2014-11-26 General Book532.56/HIN/1975Central Library, BUET 
Circulation section44334Central Library, BUET 3 2014-12-07  532_560000000000000_HIN_19752014-12-07 2014-12-07 General Book532.56/HIN/1975Central Library, BUET 
Circulation section63807Central Library, BUET 4 2014-12-07  532_560000000000000_HIN_19752014-12-07 2014-12-07 General Book532.56/HIN/1975Central Library, BUET 
Circulation section63812Central Library, BUET2015-03-255 2014-12-07  532_560000000000000_HIN_19752014-12-0712015-03-29 General Book532.56/HIN/1975Central Library, BUET 
Circulation section63805Central Library, BUET 6 2014-12-07  532_560000000000000_HIN_19752014-12-07 2014-12-07 General Book532.56/HIN/1975Central Library, BUET 
Circulation section63810Central Library, BUET 7 2014-12-07  532_560000000000000_HIN_19752014-12-07 2014-12-07 General Book532.56/HIN/1975Central Library, BUET 
Circulation section63808Central Library, BUET 8 2014-12-07  532_560000000000000_HIN_19752014-12-07 2014-12-07 General Book532.56/HIN/1975Central Library, BUET 
Circulation section63809Central Library, BUET 9 2014-12-07  532_560000000000000_HIN_19752014-12-07 2014-12-07 General Book532.56/HIN/1975Central Library, BUET 
Circulation section63806Central Library, BUET2022-11-1410 2014-12-07  532_560000000000000_HIN_19752014-12-0712023-02-28 General Book532.56/HIN/1975Central Library, BUET 
Circulation section63815Central Library, BUET2015-05-2611 2014-12-07  532_560000000000000_HIN_19752014-12-0712015-09-14 General Book532.56/HIN/1975Central Library, BUET 
Circulation section39158Central Library, BUET 12 2015-03-09  532_560000000000000_HIN_19752015-03-09 2015-03-09 General Book532.56/HIN/1975Central Library, BUET 
Reading section58968Central Library, BUET 13 2015-06-07  532_560000000000000_HIN_19752015-06-07 2015-06-07 Reading Item532.56/HIN/1975Central Library, BUET 
Reading section60653Central Library, BUET 14 2015-06-07  532_560000000000000_HIN_19752015-06-07 2015-06-07 Reading Item532.56/HIN/1975Central Library, BUET 
Reading section52729Central Library, BUET 15 2015-06-23  532_560000000000000_HIN_19752015-06-23 2015-06-23 Reading Item532.56/HIN/1975Central Library, BUET 
Circulation section63811Central Library, BUET2024-11-2716 1985-06-29  532_560000000000000_HIN_19752024-11-1612024-11-27 General Book532.56 HIN/1975Central Library, BUET 
  Central Library, BUET   2024-11-16  532_560000000000000_HIN_19752024-11-16 2024-11-16 General Book532.56 HIN/1975Central Library, BUET 
Circulation section39159Central Library, BUET 18 2025-09-03  532_560000000000000_HIN_19752024-11-16 2024-11-16 General Book532.56 HIN/1975Central Library, BUET